[Event "FRA-ch qual"]
[Site "Bescanon"]
[Date "1999.08.18"]
[Round "1"]
[White "Milesi, Laurent"]
[Black "Bruneliere, P."]
[Result "1/2-1/2"]
[WhiteElo "2135"]
[BlackElo "2265"]
[PlyCount "36"]
[EventDate "1999.08.18"]
[EventType "swiss"]
[EventRounds "11"]
[EventCountry "FRA"]
[SourceTitle "EXT 2000"]
[Source "ChessBase"]
[SourceDate "1999.11.16"]
[SourceVersion "1"]
[SourceVersionDate "1999.11.16"]
[SourceQuality "1"]

1. e4 c5 2. Nf3 Nc6 3. Nc3 g6 4. d4 cxd4 5. Nxd4 Bg7 6. Be3 Nf6 7. Bc4 0-0 8. 0-0 Nxe4 9. Nxe4 d5 10. Nxc6 bxc6 11. Bd3 dxe4 12. Bxe4 Qa5 13. c3 Rb8 14. Qc2 c5 15. Rfd1 c4 16. b4 cxb3 17. axb3 Qxc3 18. Qxc3 Bxc3 1/2-1/2

[Event "Cappelle op 15th"]
[Site "Cappelle la Grande"]
[Date "1999.02.15"]
[Round "3"]
[White "Bruneliere, P."]
[Black "Grabarczyk, Miroslaw"]
[Result "0-1"]
[WhiteElo "2238"]
[BlackElo "2462"]
[PlyCount "50"]
[EventDate "1999.02.13"]
[EventType "swiss"]
[EventRounds "9"]
[EventCountry "FRA"]
[SourceTitle "EXT 2000"]
[Source "ChessBase"]
[SourceDate "1999.11.16"]
[SourceVersion "1"]
[SourceVersionDate "1999.11.16"]
[SourceQuality "1"]

1. e4 e5 2. Nf3 Nc6 3. Bb5 Nf6 4. 0-0 Nxe4 5. d4 Be7 6. Nxe5 0-0 7. Re1 Nxe5 8. Rxe4 Ng6 9. d5 d6 10. Nc3 a6 11. Bd3 Bf6 12. Qh5 c5 13. dxc6 bxc6 14. Bd2 d5 15. Re2 Rb8 16. Na4 Qd6 17. c3 c5 18. b3 Bd7 19. Nb2 c4 20. Bc2 Qa3 21. Rb1 Qxa2 22. b4 a5 23. Qxd5 axb4 24. cxb4 Ba4 25. Qa5 Ra8 0-1